00852nas a2200265 4500001001300000003000900013005001700022007000300039008003400042040005400076041000900130072000800139100002200147100001500169100002400184100001900208100002300227245009900250650002900349650001400378650001400392650001500406773011600421856004900537BR2013001009BR-BrBNA20231205121942.0ta230509b bl.|||p| |||| 00| 00por d aBR-BrBNAbporcBiblioteca Nacional de Agricultura a(Pt) aQ041 aCarvalho, J.M. da1 aMaia, G.A.1 aFigueiredo, R.W. de1 aBrito, E.S. de1 aGarruti, D. dos S.1 aBebida mista com propriedade estimulante à base de água de coco e suco de caju clarificado aBEBIDA NÃO ALCÓOLICA aCAJUÍNA aCAFEÍNA aVITAMINA C0 tCiência e Tecnologia de Alimentos (Brazil)xISSN 1678-457Xg(Oct-Dec 2005), V. 25(4) p. 813-818wBR201300100940uhttp://www.scielo.br/pdf/cta/v25n4/27656.pdf